Without Sporcle: Television Quiz Stats

 Plays Quiz Updated Aug 19, 2019

Score 0/45 Timer 08:00
0 Plays Today
Hint Answer % Correct
Friends CharactersJoey
97.6%
Friends CharactersMonica
97.4%
Friends CharactersChandler
96%
SpongeBob LocationsBikini Bottom
92.6%
Friends CharactersPhoebe
91.6%
Primetime Emmy Winners (Drama)Game of Thrones
90.6%
Primetime Emmy Winners (Drama)Breaking Bad
90.5%
Friends CharactersRachel
90.5%
SpongeBob LocationsKrusty Krab
89.7%
Animated TV ShowsKing of the Hill
89.4%
Animated TV ShowsAdventure Time
88.9%
Reality ShowsAmerican Idol
88.8%
Primetime Emmy Winners (Drama)The West Wing
86.7%
Animated TV ShowsThe Flintstones
86.1%
'And' TV ShowsWill & Grace
84.7%
Reality ShowsThe Biggest Loser
84.6%
SpongeBob LocationsChum Bucket
82.4%
Primetime Emmy Winners (Drama)Law & Order
82.1%
Saturday Night Live MembersBill Murray
82%
Animated TV ShowsThe Jetsons
79%
Reality ShowsThe Amazing Race
78.9%
Saturday Night Live MembersEddie Murphy
76.7%
Saturday Night Live MembersAdam Sandler
74.8%
Hint Answer % Correct
Reality ShowsThe Voice
73.3%
Saturday Night Live MembersWill Ferrell
72.8%
Reality ShowsSurvivor
69.3%
Netflix TV ShowsBoJack Horseman
67.4%
SpongeBob LocationsJellyfish Fields
66.9%
Game of Thrones CharactersJon Snow
66.6%
'And' TV ShowsRick and Morty
62.6%
Primetime Emmy Winners (Drama)Homeland
59.1%
Game of Thrones CharactersTyrion Lannister
56.7%
'And' TV ShowsCagney & Lacey
56.6%
Saturday Night Live MembersAmy Poehler
53.5%
Netflix TV ShowsHouse of Cards
48.4%
'And' TV ShowsLaverne & Shirley
41%
Game of Thrones CharactersRobert Baratheon
39.8%
Netflix TV ShowsDaredevil
35.2%
Game of Thrones CharactersSamwell Tarly
32.8%
Game of Thrones CharactersMargaery Tyrell
31%
Netflix TV ShowsLuke Cage
28%
Animated TV ShowsArcher
23.8%
SpongeBob LocationsGoo Lagoon
23.7%
Netflix TV ShowsNarcos
19.9%
'And' TV ShowsBrothers & Sisters
11.7%

You're not logged in!

Compare scores with friends on all Sporcle quizzes.
OR
Log In

Sporcle TV

Today on Sporcle TV


Watch our educational content, quiz creation guides, and fun videos on Sporcle TV.

Show Comments

Extras

Top Quizzes Today


Score Distribution

Your Account Isn't Verified!

In order to create a playlist on Sporcle, you need to verify the email address you used during registration. Go to your Sporcle Settings to finish the process.

Report this User

Report this user for behavior that violates our Community Guidelines.

Details: